| 000 | 02052nam0a2200337 4500 | ||
|---|---|---|---|
| 001 | RU\NLR\bibl\1857651 | ||
| 005 | 20260407074837.0 | ||
| 010 |
_a978-5-7937-0592-9 _9100 |
||
| 021 |
_aRU _b2011-102683 _97345 |
||
| 035 | _a(NLR Aleph) 001847571 | ||
| 090 |
_a2357224 _c2357224 |
||
| 100 | _a20120118d2011 |||y0rusy50 ca | ||
| 101 | 0 | _arus | |
| 102 | _aRU | ||
| 105 | _aa ||||||||| | ||
| 200 | 1 |
_aАппараты с зернистым слоем в промышленной экологии _eучебное пособие _e[для студентов дневного и очно-заочного отделений, обучающихся по направлениям 280200, 240100, 240200, 241000] _fМ-во образования и науки Рос. Федерации, Федер. гос. бюджет. образоват. учреждение высш. проф. образования "С.-Петерб. гос. ун-т технологии и дизайна" _g[Беренгартен Михаил Георгиевич и др.] _gпод общ. ред. проф., д.т.н. Р.Ф. Витковский |
|
| 210 |
_aСанкт-Петербург _cФГБОУВПО "СПГУТД" _d2011 |
||
| 215 |
_a89 с. _cил. _d21 |
||
| 320 | _aБиблиогр.: с. 85-87 (29 назв.) | ||
| 606 | 1 |
_aПромышленная экология _jУчебные издания для высших учебных заведений _xАппараты и приборы _92133310 _3RU\NLR\auth\661590896 |
|
| 686 | _aН932-5я73-1 | ||
| 702 | 1 |
_aБеренгартен _bМ. Г. _gМихаил Георгиевич _4220 |
|
| 702 | 1 |
_aВитковская _bР. Ф. _gРаиса Федоровна _4340 |
|
| 712 | 0 | 2 |
_4570 _aСанкт-Петербургский государственный университет технологии и дизайна _3RU\NLR\AUTH\883830 _9278991 |
| 801 | 0 |
_aRU _bNLR _c20120118 _gRCR |
|
| 801 | 1 |
_aRU _bNLR _c20120118 |
|
| 830 | _aвсе по ЭК | ||
| 942 | _cBOOK | ||
| 980 | _aNB | ||
| 980 | _aNBR | ||